|
|
|
|
| LEADER |
02007nam a2200553 a 4500 |
| 001 |
nkc20091997499 |
| 003 |
CZ PrNK |
| 005 |
20091119161400.0 |
| 007 |
ta |
| 008 |
091013s2009 xr ach f 000 0dcze |
| 015 |
|
|
|a cnb001997499
|
| 020 |
|
|
|a 978-80-204-2017-6
|q (váz.)
|
| 035 |
|
|
|a (OCoLC)465288075
|
| 040 |
|
|
|a ABA001
|b cze
|
| 041 |
1 |
|
|a cze
|h fre
|
| 045 |
|
|
|a w-x-
|
| 072 |
|
7 |
|a 629
|x Dopravní prostředky
|2 Konspekt
|9 19
|
| 072 |
|
7 |
|a 929
|x Biografie
|2 Konspekt
|9 8
|
| 080 |
|
|
|a 629.73-051
|2 MRF
|
| 080 |
|
|
|a 629.73-055.2
|2 MRF
|
| 080 |
|
|
|a 629.7
|2 MRF
|
| 080 |
|
|
|a 797.54
|2 MRF
|
| 080 |
|
|
|a 629.7(091)
|2 MRF
|
| 080 |
|
|
|a (048.8)
|2 MRF
|
| 100 |
1 |
|
|a Marck, Bernard
|7 xx0104012
|4 aut
|
| 245 |
1 |
0 |
|a Hrdinové a hrdinky letectví /
|c Bernard Marck ; [z francouzského originálu ... přeložila Irena Kozelská]
|
| 250 |
|
|
|a 1. vyd.
|
| 260 |
|
|
|a Praha :
|b Mladá fronta,
|c 2009
|
| 300 |
|
|
|a 55 složených dvoulistů a čtyřlistů :
|b il. (některé barev.), portréty, faksim. ;
|c 29 cm
|
| 504 |
|
|
|a Obsahuje bibliografii
|
| 648 |
|
7 |
|a 19.-20. století
|7 ch757015
|2 czenas
|
| 650 |
0 |
7 |
|a letci
|7 ph122260
|y 20. stol.
|2 czenas
|
| 650 |
0 |
7 |
|a letkyně
|7 ph317239
|y 20. stol.
|2 czenas
|
| 650 |
0 |
7 |
|a vzduchoplavba
|7 ph127304
|y 19.-20. stol.
|2 czenas
|
| 650 |
0 |
7 |
|a letectví
|7 ph115130
|y 20. stol.
|2 czenas
|
| 650 |
0 |
7 |
|a dějiny letectví
|7 ph488979
|y 19.-20. stol.
|2 czenas
|
| 650 |
0 |
9 |
|a air pilots
|y 20th century
|2 eczenas
|
| 650 |
0 |
9 |
|a woman pilots
|y 20th century
|2 eczenas
|
| 650 |
0 |
9 |
|a aviation
|y 20th century
|2 eczenas
|
| 650 |
0 |
9 |
|a aeronautics
|y 19th-20th centuries
|2 eczenas
|
| 650 |
0 |
9 |
|a history of aviation
|y 19th-20th centuries
|2 eczenas
|
| 655 |
|
7 |
|a monografie
|7 fd132842
|2 czenas
|
| 655 |
|
9 |
|a monographs
|2 eczenas
|
| 765 |
0 |
|
|t Héros et héroïnes de l'aviation
|9 Česky
|
| 910 |
2 |
|
|a BOA001
|b 4-1230.125
|
| 990 |
|
|
|a BK
|
| 995 |
|
|
|a 01
|
| 991 |
|
|
|b 200910
|c NOV
|j 629.7 MAR
|
| 996 |
6 |
|
|b 2610393566
|c 4-1230.125
|l MZK
|r Sklad / do 1 hodiny
|n 0
|p p.v.
|w 000969138
|u 000010
|a 1
|e BOA001
|j MZK50
|s P
|